000 00263nam a2200109Ia 4500
008 190914s9999||||xx |||||||||||||| ||und||
100 _aIvens,Kathy
245 4 _aThe Complete Reference;Excel 2000
260 _aLondon
_bAddison
_c1999
300 _a610
942 _cBK
999 _c8484
_d8484